Slobodné Slovensko noviny Slovákov v cudzine

Bibliographic Details
Format: Journal
Language:Slovak
PhysicalDescription:zv. 46 cm
Published: Mníchov Matúš Černák 1946-1992
Subjects:

MARC

LEADER 00000cas a2200000 a 4500
001 vtls001224463
003 SK-MaSNL
005 20260228162018.0
008 960412d19461992gw x|pe 0 0b0slo c
035 |a SNK000170984 
040 |a SNK  |b slo  |c SNK  |e AACR2 
041 0 |a slo 
044 |a gw  |c DE 
080 |a 050  |2 2001 
080 |a (=162.4)  |2 2001 
245 0 0 |a Slobodné Slovensko  |b noviny Slovákov v cudzine 
260 |a Mníchov  |b Matúš Černák  |c 1946-1992 
300 |a zv.  |c 46 cm 
310 |a 6x ročne 
362 0 |a [Č. 1 (1946)]-roč. 47, č. 4 (1992) 
500 |a Súbež. podnázov nem. a angl. 
500 |a Neskôr vydáva - Ústav Matúša Černáka, Köln 
650 0 7 |a Slováci v zahraničí  |2 SNKPH  |9 14695 
655 7 |a časopisy národnostných menšín  |2 SNKPH  |9 125411 
910 |a snk 
999 |c 6438  |d 8368 
952 |0 0  |1 0  |4 0  |7 0  |8 1  |a SNK  |b SNK  |d 2014-10-08  |i snk2014/20981  |l 0  |o snkČSA 1123/15(31)/1976  |p 17A0867494  |r 2026-02-21 19:34:22  |t č. 1-6  |w 2026-02-21  |y PREZ 
952 |0 0  |1 0  |3 rekatalogizácia  |4 0  |7 0  |8 1  |a SNK  |b SNK  |d 2001-12-11  |i snkD 1092/94  |l 0  |o snkČSA 1123/35/1980  |p 17A0530067  |r 2005-01-01 00:00:00  |t č. 1-6  |w 2026-02-21  |y PREZ 
952 |0 0  |1 0  |4 0  |7 0  |8 1  |a SNK  |b SNK  |d 2015-10-20  |i snkD 476/95  |l 0  |o snkČSA 1123/10/1955 D1  |p 17A1079684  |r 2026-02-21 20:53:00  |t len č. 5  |w 2026-02-21  |y PREZ 
952 |0 0  |1 0  |4 0  |7 0  |a SNK  |b SNK  |d 1996-11-25  |l 0  |o snkČSA 1123/11/1956  |p 17A0127346  |r 2005-01-01 00:00:00  |t č. 1-10  |w 2026-02-21  |y PREZ  |z č. 9-10 sú pošk. 
952 |0 0  |1 0  |4 0  |7 0  |8 2  |a SNK  |b SNK  |d 1996-11-25  |i snkV 2105/96  |l 0  |o snkČSA 1123/11/1956 D1  |p 17A0021992  |r 2005-01-01 00:00:00  |t č. 1-10, neúplné  |w 2026-02-21  |y PREZ  |z Chýba č. 5-10 
952 |0 0  |1 0  |4 0  |7 0  |a SNK  |b SNK  |d 2001-12-11  |l 0  |o snkČSA 1123/6/1951  |p 17A0126211  |r 2005-01-01 00:00:00  |t č. 1-15  |w 2026-02-21  |y PREZ 
952 |0 0  |1 0  |4 0  |7 0  |a SNK  |b SNK  |d 2001-12-11  |l 0  |o snkČSA 1123/8/1953  |p 17A0127861  |r 2005-01-01 00:00:00  |t č. 1-24  |w 2026-02-21  |y PREZ 
952 |0 0  |1 0  |4 0  |7 0  |a SNK  |b SNK  |d 2001-12-11  |l 0  |o snkČSA 1123/9/1954  |p 17A0126551  |r 2005-01-01 00:00:00  |t č. 1-12  |w 2026-02-21  |y PREZ 
952 |0 0  |1 0  |3 rekatalogizácia  |4 0  |7 0  |8 1  |a SNK  |b SNK  |d 2001-12-11  |i snkD 1300/92  |l 0  |o snkČSA 1123/17(33)/1978  |p 17A0126536  |r 2005-01-01 00:00:00  |t č. 1-6  |w 2026-02-21  |y PREZ 
952 |0 0  |1 0  |4 0  |7 0  |8 2  |a SNK  |b SNK  |d 2001-12-11  |i snkV 2077/96  |l 0  |o snkČSA 1123/18(34)/1979  |p 17A0017499  |r 2005-01-01 00:00:00  |t č. 1-6  |w 2026-02-21  |y PREZ 
952 |0 0  |1 0  |4 0  |7 0  |8 2  |a SNK  |b SNK  |d 2001-12-11  |i snk1985/2821  |l 0  |o snkČSA 1123/P/36/1981  |p 17A0127788  |r 2005-01-01 00:00:00  |t č. 1-6  |w 2026-02-21  |y PREZ 
952 |0 0  |1 0  |4 0  |7 0  |a SNK  |b SNK  |d 2001-12-11  |l 0  |o snkČSA 1123/P/37/1982  |p 17A0127179  |r 2005-01-01 00:00:00  |t č. 1-6  |w 2026-02-21  |y PREZ 
952 |0 0  |1 0  |4 0  |7 0  |a SNK  |b SNK  |d 2001-12-11  |l 0  |o snkČSA 1123/P/37/1982 D1  |p 17A0170881  |r 2005-01-01 00:00:00  |t č. 1-6  |w 2026-02-21  |y PREZ 
952 |0 0  |1 0  |4 0  |7 0  |a SNK  |b SNK  |d 2001-12-11  |l 0  |o snkČSA 1123/P/38/1983  |p 17A0127829  |r 2005-01-01 00:00:00  |t č. 1-6  |w 2026-02-21  |y PREZ 
952 |0 0  |1 0  |4 0  |7 0  |a SNK  |b SNK  |d 2001-12-11  |l 0  |o snkČSA 1123/P/38/1983 D1  |p 17A0170907  |r 2005-01-01 00:00:00  |t č. 1-6  |w 2026-02-21  |y PREZ 
952 |0 0  |1 0  |4 0  |7 0  |a SNK  |b SNK  |d 2001-12-11  |l 0  |o snkČSA 1123/39/1984  |p 17A0127787  |r 2005-01-01 00:00:00  |t č. 1-6  |w 2026-02-21  |y PREZ 
952 |0 0  |1 0  |4 0  |7 0  |8 2  |a SNK  |b SNK  |d 2001-12-11  |i snk1994/2925  |l 0  |o snkČSA 1123/39/1984 D1  |p 17A0170868  |r 2005-01-01 00:00:00  |t č. 1-6  |w 2026-02-21  |y PREZ 
952 |0 0  |1 0  |4 0  |7 0  |a SNK  |b SNK  |d 2001-12-11  |l 0  |o snkČSA 1123/40/1985  |p 17A0127600  |r 2005-01-01 00:00:00  |t č. 1-6  |w 2026-02-21  |y PREZ 
952 |0 0  |1 0  |4 0  |7 0  |a SNK  |b SNK  |d 2001-12-11  |l 0  |o snkČSA 1123/40/1985 D1  |p 17A0170956  |r 2005-01-01 00:00:00  |t č. 1-6  |w 2026-02-21  |y PREZ 
952 |0 0  |1 0  |4 0  |7 0  |a SNK  |b SNK  |d 2001-12-11  |l 0  |o snkČSA 1123/41/1986  |p 17A0127168  |r 2005-01-01 00:00:00  |t č. 1-6  |w 2026-02-21  |y PREZ 
952 |0 0  |1 0  |4 0  |7 0  |a SNK  |b SNK  |d 2001-12-11  |l 0  |o snkČSA 1123/41/1986 D1  |p 17A0171000  |r 2005-01-01 00:00:00  |t č. 1-6  |w 2026-02-21  |y PREZ 
952 |0 0  |1 0  |4 0  |7 0  |8 2  |a SNK  |b SNK  |d 2001-12-11  |i snkČV 1935/91  |l 0  |o snkČSA 1123/42/1987  |p 17A0127344  |r 2005-01-01 00:00:00  |t č. 1-6  |w 2026-02-21  |y PREZ 
952 |0 0  |1 0  |4 0  |7 0  |a SNK  |b SNK  |d 2001-12-11  |l 0  |o snkČSA 1123/42/1987 D1  |p 17A0170305  |r 2005-01-01 00:00:00  |t č. 1-6  |w 2026-02-21  |y PREZ 
952 |0 0  |1 0  |4 0  |7 0  |a SNK  |b SNK  |d 2001-12-11  |l 0  |o snkČSA 1123/43/1988  |p 17A0127186  |r 2005-01-01 00:00:00  |t č. 1-9  |w 2026-02-21  |y PREZ 
952 |0 0  |1 0  |4 0  |7 0  |a SNK  |b SNK  |d 2001-12-11  |l 0  |o snkČSA 1123/43/1988 D1  |p 17A0170689  |r 2005-01-01 00:00:00  |t č. 1-9  |w 2026-02-21  |y PREZ 
952 |0 0  |1 0  |4 0  |7 0  |a SNK  |b SNK  |d 2001-12-11  |l 0  |o snkČSA 1123/44/1989  |p 17A0127445  |r 2005-01-01 00:00:00  |t č. 1-6  |w 2026-02-21  |y PREZ 
952 |0 0  |1 0  |4 0  |7 0  |a SNK  |b SNK  |d 2001-12-11  |l 0  |o snkČSA 1123/45/1990  |p 17A0127176  |r 2005-01-01 00:00:00  |t č. 1-6  |w 2026-02-21  |y PREZ 
952 |0 0  |1 0  |4 0  |7 0  |a SNK  |b SNK  |d 2001-12-11  |l 0  |o snkČSA 1123/46/1991  |p 17A0127465  |r 2005-01-01 00:00:00  |t č. 1-6  |w 2026-02-21  |y PREZ 
952 |0 0  |1 0  |4 0  |7 0  |a SNK  |b SNK  |d 2001-12-11  |l 0  |o snkČSA 1123/46/1991 D1  |p 17A0129159  |r 2005-01-01 00:00:00  |t č. 1-6  |w 2026-02-21  |y PREZ 
952 |0 0  |1 0  |4 0  |7 0  |a SNK  |b SNK  |d 2001-12-11  |l 0  |o snkČSA 1123/47/1992  |p 17A0127180  |r 2005-01-01 00:00:00  |t č. 1-6, neúplné  |w 2026-02-21  |y PREZ  |z Chýba č. 3,5,6 
952 |0 0  |1 0  |4 0  |7 0  |a SNK  |b SNK  |d 2001-12-11  |l 0  |o snkČSA 1123/15/1960  |p 17A0085613  |r 2005-01-01 00:00:00  |t len č. 8-9  |w 2026-02-21  |y PREZ 
952 |0 0  |1 0  |4 0  |7 0  |8 2  |a SNK  |b SNK  |d 2015-12-17  |i snk1994/2922  |l 0  |o snkČSA 1123/17(33)/1978 D1  |p 17A1097160  |r 2026-02-21 21:47:02  |t č. 1-6, neúplné  |w 2026-02-21  |y PREZ  |z Chýba č. 3-4,6 
952 |0 0  |1 0  |4 0  |7 0  |8 1  |a SNK  |b SNK  |d 2015-12-17  |i snk2015/33815  |l 0  |o snkČSA 1123/15(31)/1976 D1  |p 17A1097159  |r 2026-02-21 21:47:02  |t č. 1-6, neúplné  |w 2026-02-21  |y PREZ  |z Chýba č. 2,5-6 
952 |0 0  |1 0  |4 0  |7 0  |8 1  |a SNK  |b SNK  |d 2015-12-17  |i snk2015/33820  |l 0  |o snkČSA 1123/36/1981 D1  |p 17A1097158  |r 2026-02-21 21:47:02  |t č. 1-6, neúplné  |w 2026-02-21  |y PREZ  |z Chýba č. 1 
952 |0 0  |1 0  |4 0  |7 0  |8 1  |a SNK  |b SNK  |d 2015-12-18  |i snk2015/33899  |l 0  |o snkČSA 1123/16(32)/1977 D1  |p 17A1097157  |r 2026-02-21 21:47:02  |t č. 1-6, neúplné  |w 2026-02-21  |y PREZ  |z Chýba č. 1-2,6 
952 |0 0  |1 0  |4 0  |7 0  |8 1  |a SNK  |b SNK  |d 2015-12-18  |i snk2015/33902  |l 0  |o snkČSA 1123/18(34)/1979 D1  |p 17A1097156  |r 2026-02-21 21:47:02  |t č. 1-6, neúplné  |w 2026-02-21  |y PREZ  |z Chýba č. 2,4 
952 |0 0  |1 0  |4 0  |7 0  |8 2  |a SNK  |b SNK  |d 2016-07-14  |i snkV 2927/94  |l 0  |o snkČSA 1123/40/1985 D1  |p 17A1185575  |r 2026-02-21 21:54:27  |t č. 1-6  |w 2026-02-21  |y PREZ 
952 |0 0  |1 0  |4 0  |7 0  |8 1  |a SNK  |b SNK  |d 2016-07-14  |i snkD 750/91  |l 0  |o snkČSA 1123/44/1989 D1  |p 17A1185576  |r 2026-02-21 21:54:27  |t č. 1-6  |w 2026-02-21  |y PREZ  |z č. 1-6 
952 |0 0  |1 0  |4 0  |7 0  |8 1  |a SNK  |b SNK  |d 2016-07-14  |i snkD 751/90  |l 0  |o snkČSA 1123/45/1990 D1  |p 17A1185577  |r 2026-02-21 21:54:27  |t č. 1-6  |w 2026-02-21  |y PREZ